000 00631nam a2200205 a 4500
001 45378
003 BD-RjUL
005 20211209054014.0
008 160725s1861 enk 000 0 eng
035 _a(BD-RjUL)45496
040 _aDLC
_cCarP
_dDLC
_dBD-RjUL
_beng
041 _aeng
082 _223
_a321.8
_bMIC 1861
100 1 _aMill, John Stuart,
_d1806-1873.
_9138912
245 1 0 _aConsiderations on representative government /
_cJohn Stuart Mill
260 _aLondon :
_bParkea, Son, and Bourn,
_c1861
300 _aviii, 340 p. ;
_b18 cm.
650 _aRepresentative government and representation.
_9138913
942 _2ddc
_cBK
999 _c45378
_d45378